000 00288nam a22001337a 4500
008 170823b xxu||||| |||| 00| 0 eng d
020 _a9780321731531
041 _aeng
080 _25th
_a51
100 _a38
101 _aMAT
245 _aMATHEMATICS
_cBITTINGER,M.L
942 _2udc
_cBK
999 _c24588
_d24588